000 00444nam a2200169 a 4500
020 _a0256025398
040 _cDLC
082 0 0 _a333 R.D.L 1981 A064 Or.
100 1 _aBerston, Hyman Maxwell.
245 1 0 _aCalifornia real estate practice /
250 _a4th ed.
260 _aHomewood, Ill. :
_bR.D. Irwin,
_c1981.
300 _axiv, 339 p. :
_bforms ;
_c29 cm.
500 _aIncludes index.
650 0 _aReal estate business
942 _cEK
999 _c13899
_d13899